How Many Times Can You Spell "Mississippi"? - Statistics

General Stats
  • This quiz has been taken 287 times
  • The average score is 38 of 110
Answer Stats
Hint Answer % Correct
1 M
100%
1 I
93%
1 S
92%
1 S
92%
1 I
91%
1 S
91%
1 I
86%
1 S
86%
1 P
82%
1 P
81%
1 I
80%
2 I
78%
2 I
78%
2 M
78%
2 S
78%
2 S
78%
2 S
77%
2 I
76%
2 S
76%
2 P
70%
2 I
69%
2 P
69%
3 I
68%
3 M
68%
3 S
66%
3 S
66%
3 I
64%
3 S
62%
3 S
61%
3 I
57%
3 P
55%
3 I
54%
3 P
54%
4 I
51%
4 M
51%
4 I
50%
4 S
50%
4 S
50%
4 S
50%
4 S
49%
4 I
45%
4 I
43%
4 P
43%
4 P
43%
5 I
39%
5 M
39%
5 S
39%
5 S
39%
5 I
38%
5 S
32%
5 S
30%
5 I
28%
5 P
28%
5 P
28%
5 I
27%
6 I
27%
6 I
27%
6 M
27%
6 S
27%
6 S
27%
6 S
24%
6 S
24%
6 I
22%
6 P
22%
6 P
18%
6 I
16%
7 I
15%
7 M
15%
7 S
14%
7 S
11%
7 I
9%
7 I
7%
7 P
7%
7 S
7%
7 S
7%
7 I
5%
7 P
5%
8 I
4%
8 M
4%
8 S
4%
8 I
3%
8 I
3%
8 I
3%
9 I
3%
9 M
3%
8 P
3%
8 P
3%
8 S
3%
8 S
3%
8 S
3%
9 I
1%
9 I
1%
9 I
1%
10 I
1%
10 I
1%
10 M
1%
9 P
1%
9 P
1%
9 S
1%
9 S
1%
9 S
1%
9 S
1%
10 S
1%
10 S
1%
10 I
0%
10 I
0%
10 P
0%
10 P
0%
10 S
0%
10 S
0%
No matching quizzes found
Score Distribution
Percent of People with Each Score
Percentile by Number Answered
Your Score History
You have not taken this quiz